000 01741nam a2200301 4500
003 EC-UNACH
005 20251205151634.0
006 s||||gr|||| 00| 00
008 150116t9999 mx r gr 000 0 spa d
020 _a9789942853134
040 _aEC-UNACH
_cEC-UNACH
041 _aspa
082 0 4 _223
_a900
_bL018436
110 _aConsejo de la Judicatura
245 _aRelatos del mundo
250 _aPrimera edición
264 _aEcuador
_bConsejo de la Judicatura
_c2014
300 _a307
505 _aPrólogo de Gustavo Salazar Calle Jack London La locura de John Harned Anónimo chino La cólera de un particular Guy de Maupassant Una vendetta Miguel de Cervantes Sancho Panza, gobernador H. G. Wells El país de los ciegos Marqués de Sade La ficción feliz Jonathan Swift Gulliver habla sobre la ley Infante Juan Manuel El traje del rey O. Henry El secuestro Antón Chéjov Página de la crónica judicial Oscar Wilde El crimen de Lord Arthur Savile Auguste Villiers de L’Isle-Adam La esperanza Katherine Mansfield Veneno Herman Melville La isla Charles y el rey de los perros Nicolái Gógol El capote Giovanni Boccaccio Madonna Filippa François Rabelais Pantagruel dirime Arkady Avérchenko Un abogado Ambrose Bierce Mi asesinato preferido Alphonse Allais La búsqueda de la desconocida Sacha Guitry Los hongos
650 _aLondon La locura de John Harned
650 _aMiguel de Cervantes Sancho Panza
650 _aHerman Melville La isla Charles y el rey de los perros
700 _aGustavo Salazar Calle
942 _2ddc
_c1
999 _c14263